Deimantas Narkevicius: (Record no. 1515)

MARC details
000 -LEADER
campo de control de longitud fija 00540nam a2200145 4500
008 - DATOS DE LONGITUD FIJA--INFORMACIÓN GENERAL
campo de control de longitud fija 708 N231d
020 ## - NÚMERO INTERNACIONAL ESTÁNDAR DEL LIBRO
Número Internacional Estándar del Libro 9986957176
082 ## - NÚMERO DE LA CLASIFICACIÓN DECIMAL DEWEY
Número de clasificación 708
Número de ítem N231d
100 ## - ENTRADA PRINCIPAL--NOMBRE DE PERSONA
Nombre de persona Kuizinas, Kestusis & Valatkevicius, Jonas (edición)
9 (RLIN) 6436
245 ## - MENCIÓN DEL TÍTULO
Título Deimantas Narkevicius:
Resto del título Lithuanian Pavilion
260 ## - PUBLICACIÓN, DISTRIBUCIÓN, ETC.
Lugar de publicación, distribución, etc. Vilnius
Nombre del editor, distribuidor, etc. Sapnu Sala Printing House
Fecha de publicación, distribución, etc. 2001
300 ## - DESCRIPCIÓN FÍSICA
Extensión 66 p.
Otras características físicas ill (col)
Dimensiones 22.5 x 18 cm
650 ## - PUNTO DE ACCESO ADICIONAL DE MATERIA--TÉRMINO DE MATERIA
Subdivisión general arte contemporáneo
-- are - exhibición
-- Lituania
-- Bienal de Venecia 2004
-- Narkevicius, Deimantas
9 (RLIN) 6437
700 ## - ENTRADA AGREGADA--NOMBRE PERSONAL
Nombre de persona Kreuger, Anders (traducción)
9 (RLIN) 6438
Holdings
Estatus retirado Estado de pérdida Fuente del sistema de clasificación o colocación Estado de daño No para préstamo Biblioteca de origen Biblioteca actual Ubicación en estantería Fecha de adquisición Total de préstamos Signatura topográfica completa Código de barras Visto por última vez Precio de reemplazo Tipo de ítem Koha
    Clasificación Decimal Dewey     Biblioteca LadoV Biblioteca LadoV   28/06/2018   708 N231d 001080 28/06/2018 28/06/2018 Material 01